000 00931nam a22002897a 4500
001 4466
003 FISKH
005 20241024143726.0
008 240911b cb ||||| |||| 00| 0 eng d
020 _a9780439899673
040 _aFISKH
_beng
_cFISKH
_dFISKH
050 _aPZ7.F598284
082 _2823.4
100 _aFlanagan, John
_d(1944–)
245 _aRanger's apprentice the ruins of gorlan /
_cJohn Flanagan
250 _aFirst printing in 2006
260 _aNew York :
_bScholastic,
_c2006.
300 _a249 pages :
_c20 cm
505 _aZ
520 _aWhen fifteen-year-old Will is rejected by battleschool, he becomes the reluctant apprentice to the mysterious Ranger Halt, and winds up protecting the kingdom from danger.
521 8 _a920
_bLexile
521 8 _aZ
_bRaz-Plus
650 _2Fantasy
_aRangers
_vFriendship
650 _2Archery
_aHeroes
942 _2ddc
_cBK
_n0
999 _c4466
_d4466